|
|
|
|
| LEADER |
01365nam a22003137a 4500 |
| 001 |
33247 |
| 003 |
BD-DhAAL |
| 005 |
20250625121108.0 |
| 008 |
180708t1998 ii a|||| b||| 001 0 eng d |
| 020 |
|
|
|a 0195646363
|
| 040 |
|
|
|a BD-DhAAL
|d BD-DhAAL
|
| 082 |
|
|
|a 720.973
|
| 100 |
|
|
|a Stein, Joseph Allen.
|9 26713
|
| 245 |
|
|
|a Building in the garden :
|b the architecture of Joseph Allen Stein in India and California /
|c Joseph Allen Stein and Stephen White.
|
| 260 |
|
|
|a Delhi ;
|a Oxford :
|b Oxford University Press,
|c c1998.
|
| 300 |
|
|
|a 383 pages :
|b some color illustrations, portraits ;
|c 21 cm.
|
| 500 |
|
|
|a Originally published: 1993
|
| 504 |
|
|
|6 Includes bibliographical references and index
|
| 526 |
|
|
|a ARC
|
| 541 |
|
|
|a Department of Architecture
|e 33247
|
| 600 |
|
|
|a Stein, Joseph Allen
|d 1912-2001.
|9 26714
|
| 650 |
|
|
|a Architecture
|z India
|x History
|y 20th century.
|9 26715
|
| 650 |
|
|
|a Architecture
|z California
|x History
|y 20th century.
|9 26716
|
| 650 |
|
|
|a Architecture.
|
| 700 |
|
|
|a White, Stephen.
|9 26717
|
| 852 |
|
|
|a Department of Architecture
|c General Stacks
|
| 942 |
|
|
|2 ddc
|c BK
|
| 999 |
|
|
|c 39603
|d 39603
|
| 952 |
|
|
|0 0
|1 0
|2 ddc
|4 0
|6 720_973000000000000_STE
|7 0
|9 63621
|a BRACUL
|b BRACUL
|c GEN
|d 2018-07-08
|e Department of Architecture
|l 3
|m 3
|o 720.973 STE
|p 3010033247
|r 2025-08-25
|s 2025-07-22
|t 1
|w 2018-07-08
|y BK
|x Transferred from ARC to BRACUL on 28/12/2023
|